Language Quiz

Random Language or French Quiz

Yr9 V: VERBES 'SE' à sens idiomatique (p.100) Quiz Stats

 Plays Quiz not verified by Sporcle

Support Sporcle.
Go Orange.
Score 0/22 Timer 03:00
0 Plays Today
Anglais Français % Correct
to have funs'amuser
80.2%
to go for a walkse promener
72.6%
to be named; to call oneselfs'appeler
70.8%
to rememberse souvenir de
68.9%
to get boreds'ennuyer
64.2%
to sit downs'assoir
63.2%
to argue withse disputer
62.8%
to be locatedse trouver
59.4%
to be mistakense tromper
58.5%
to stop; stay (for a moment)s'arrêter
54.7%
to hurry upse dépêcher
53.8%
Anglais Français % Correct
to get worrieds'inquiéter
52.8%
to get angryse mettre en colère
50%
to beginse mettre à
48.1%
to get readyse préparer
48.1%
to realizese rendre compte de
47.2%
to take care ofs'occuper de
45.3%
to feel (+ adj/adv)se sentir
44.3%
to get worked up; upsets'énerver
44.2%
to be interested ins'intéresser à
42.5%
to get along withs'entendre avec
32.1%
to use; to make use ofse servir de
28.3%

You're not logged in!

Compare scores with friends on all Sporcle quizzes.
OR
Log In

From the Vault

USN Aircraft Carriers (All-Time)

by DaveRedsfan

At no time in this quiz are you going to proclaim 'We're gonna need a bigger boat'.
Remove Ads.
Support Sporcle.
Get the best of Sporcle when you Go Orange. This ad-free experience offers more features, more stats, and more fun while also helping to support Sporcle. Thank you for becoming a member.

Show Comments

Extras

Created Dec 4, 2017ReportNominate
Tags:French Quiz, idiom, Reflexive, Verb

Top Quizzes Today


Score Distribution

Your Account Isn't Verified!

In order to create a playlist on Sporcle, you need to verify the email address you used during registration. Go to your Sporcle Settings to finish the process.

Report this User

Report this user for behavior that violates our Community Guidelines.

Details: